[Event "Qatar Masters Open 2014"]
[Site "Doha QAT"]
[Date "2014.11.26"]
[Round "1.7"]
[White "Jobava, Baadur"]
[Black "Khotenashvili, Bela"]
[Result "0-1"]
[WhiteElo "2722"]
[BlackElo "2504"]
[PlyCount "80"]
[EventDate "2014.11.26"]
[EventType "swiss"]
[EventRounds "9"]
[EventCountry "QAT"]
[Source "lmi"]
[SourceDate "2014.11.26"]

1. d4 d5 2. c4 e6 3. Nc3 Be7 4. Bf4 Nf6 5. e3 O-O 6. a3 Nbd7 7. Nb5 Ne8 8. Nf3
c6 9. Nc3 f5 10. h4 Nd6 11. Nd2 Nf6 12. g3 Nxc4 13. Nxc4 dxc4 14. Bxc4 Nd5 15.
Ne2 b5 16. Bxd5 Qxd5 17. O-O Bb7 18. Nc3 Qd7 19. b4 a5 20. Rb1 axb4 21. axb4
Ra3 22. Qc1 Rfa8 23. Re1 Qd8 24. Re2 Qf8 25. Reb2 Qf7 26. Be5 Qh5 27. Rb3 Rxb3
28. Rxb3 Qf3 29. e4 fxe4 30. Nd5 Qxb3 31. Nxe7+ Kf7 32. d5 e3 33. dxc6 exf2+
34. Kg2 Ra2 35. Bb2 Kxe7 36. Qg5+ Ke8 37. Qh5+ Kd8 38. cxb7 f1=Q+ 39. Kxf1 Qd3+
40. Ke1 Qe4+ 0-1

[Event "Qatar Masters Open 2014"]
[Site "Doha QAT"]
[Date "2014.11.26"]
[Round "1.8"]
[White "Karthikeyan, Murali"]
[Black "Eljanov, Pavel"]
[Result "0-1"]
[WhiteElo "2497"]
[BlackElo "2719"]
[PlyCount "108"]
[EventDate "2014.11.26"]
[EventType "swiss"]
[EventRounds "9"]
[EventCountry "QAT"]
[Source "lmi"]
[SourceDate "2014.11.26"]

1. e4 e5 2. Nf3 Nc6 3. Bb5 a6 4. Bxc6 dxc6 5. O-O Qf6 6. d4 exd4 7. Bg5 Qd6 8.
Qxd4 f6 9. Bh4 Qxd4 10. Nxd4 Bd7 11. Nc3 O-O-O 12. Rad1 Ne7 13. Bg3 h5 14. h3
Ng6 15. Nce2 h4 16. Bh2 Bc5 17. Kh1 Rhe8 18. f3 Ne5 19. b3 b5 20. Bg1 Bf8 21.
Nf4 g6 22. Bf2 Bd6 23. Nd3 g5 24. c4 Nxd3 25. Rxd3 c5 26. Nc2 f5 27. Re1 fxe4
28. fxe4 bxc4 29. bxc4 Bc6 30. e5 Rxe5 31. Rxe5 Bxe5 32. Rxd8+ Kxd8 33. Bxc5
Be4 34. Nb4 a5 35. Nd5 Bd3 36. Ne3 Kd7 37. Kg1 Bg3 38. Bd4 Ke6 39. a4 Be5 40.
Bc5 Be4 41. Nf1 Bc6 42. Be3 Bf4 43. Bf2 Bxa4 44. Be1 Bb3 45. Bxa5 Bxc4 46. Nd2
Bd5 47. Nf1 c5 48. Kf2 Be5 49. Bd2 Bd4+ 50. Ne3 c4 51. g3 c3 52. Bxc3 Bxe3+ 53.
Kxe3 g4 54. gxh4 gxh3 0-1

[Event "Qatar Masters Open 2014"]
[Site "Doha QAT"]
[Date "2014.11.26"]
[Round "1.10"]
[White "Carlsson, Pontus"]
[Black "Tomashevsky, Evgeny"]
[Result "0-1"]
[WhiteElo "2492"]
[BlackElo "2714"]
[PlyCount "144"]
[EventDate "2014.11.26"]
[EventType "swiss"]
[EventRounds "9"]
[EventCountry "QAT"]
[Source "lmi"]
[SourceDate "2014.11.26"]

1. e4 c6 2. d4 d5 3. Nd2 dxe4 4. Nxe4 Bf5 5. Ng3 Bg6 6. h4 h6 7. Nf3 Nd7 8. h5
Bh7 9. Bd3 Bxd3 10. Qxd3 e6 11. Bd2 Ngf6 12. O-O-O Be7 13. Ne4 Nxe4 14. Qxe4
Nf6 15. Qd3 c5 16. Qb5+ Qd7 17. Qxd7+ Nxd7 18. Be3 cxd4 19. Bxd4 Bf6 20. Be3
Rc8 21. Nd2 Ke7 22. Ne4 Rc4 23. f3 Rhc8 24. Rd2 Be5 25. Rhd1 R8c7 26. b3 R4c6
27. f4 Nf6 28. Nxf6 Bxf6 29. c4 b5 30. c5 Bc3 31. Rc2 b4 32. a4 a5 33. g4 f5
34. Rg2 fxg4 35. Rxg4 Kf6 36. Rg6+ Kf5 37. Kb1 Bf6 38. Rgg1 Ke4 39. Rg3 Rxc5
40. Bxc5 Rxc5 41. Rh3 Kxf4 42. Rc1 Bc3 43. Rf1+ Kg4 44. Rh2 Be5 45. Rg2+ Bg3
46. Rfg1 Rc3 47. Kb2 Re3 48. Ka2 e5 49. Rc1 Kf3 50. Rb2 Be1 51. Rc5 Bc3 52. Rc2
Bd4 53. Rxa5 Re1 54. Rb2 e4 55. Rf5+ Ke3 56. a5 Rc1 57. Rb5 Kd3 58. Rxb4 Bxb2
59. Kxb2 Rc2+ 60. Ka3 e3 61. Rh4 Rc1 62. Rh3 Kd2 63. Kb4 e2 64. Rh2 Kd3 65.
Rxe2 Kxe2 66. a6 Ra1 67. Kb5 Kd3 68. b4 Kc3 69. Kc5 Rxa6 70. b5 Ra5 71. Kc6 Kb4
72. b6 Rxh5 0-1

[Event "Qatar Masters Open 2014"]
[Site "Doha QAT"]
[Date "2014.11.26"]
[Round "1.12"]
[White "Danielian, Elina"]
[Black "Kryvoruchko, Yuriy"]
[Result "0-1"]
[WhiteElo "2487"]
[BlackElo "2706"]
[PlyCount "128"]
[EventDate "2014.11.26"]
[EventType "swiss"]
[EventRounds "9"]
[EventCountry "QAT"]
[Source "lmi"]
[SourceDate "2014.11.26"]

1. d4 Nf6 2. c4 e6 3. Nc3 Bb4 4. e3 O-O 5. Bd3 d5 6. Nf3 c5 7. O-O Nc6 8. cxd5
exd5 9. dxc5 Bxc5 10. h3 Qe7 11. b3 Rd8 12. Bb2 Ne4 13. Ne2 Bd6 14. Nf4 Bc7 15.
Rc1 Bf5 16. Nd4 Nxd4 17. Bxd4 Bxf4 18. exf4 Qh4 19. Rc7 Rd6 20. f3 Rg6 21. Qc2
Qd8 22. Rc1 Bxh3 23. Bf1 Nd6 24. Be5 Bd7 25. Bd3 Rh6 26. Bxd6 Rxd6 27. Bxh7+
Kf8 28. Rxb7 Bc6 29. Rb4 a5 30. Rd4 g6 31. f5 Kg7 32. fxg6 fxg6 33. Bxg6 Rxg6
34. Qb2 Qb6 35. Re1 Re8 36. Rxe8 Bxe8 37. Qf2 Bf7 38. g4 Rc6 39. Qd2 Bg6 40.
Qf4 Re6 41. Kg2 Re2+ 42. Kg3 Qc5 43. g5 Bf5 44. a3 Qc2 45. Qd6 Rg2+ 46. Kf4
Qc1+ 47. Ke5 Qxg5 48. Kxd5 Re2 49. Kc5 Re6 50. Qc7+ Re7 51. Qf4 Qf6 52. Qd6 Qf8
53. Rd5 Bg6 54. Kb6 Qf7 55. Kxa5 Ra7+ 56. Kb4 Qxf3 57. Qe5+ Kf7 58. a4 Re7 59.
Qd6 Bc2 60. Ka5 Bxb3 61. Rb5 Qa8+ 62. Kb4 Qxa4+ 63. Kc5 Qc4+ 64. Kb6 Re6 0-1

[Event "Qatar Masters Open 2014"]
[Site "Doha QAT"]
[Date "2014.11.26"]
[Round "1.13"]
[White "Yu, Yangyi"]
[Black "Javakhishvili, Lela"]
[Result "1-0"]
[WhiteElo "2705"]
[BlackElo "2486"]
[PlyCount "139"]
[EventDate "2014.11.26"]
[EventType "swiss"]
[EventRounds "9"]
[EventCountry "QAT"]
[Source "lmi"]
[SourceDate "2014.11.26"]

1. e4 c5 2. Nf3 e6 3. d4 cxd4 4. Nxd4 a6 5. Bd3 Bc5 6. Nb3 Ba7 7. O-O Nc6 8.
Qg4 Nf6 9. Qxg7 Rg8 10. Qh6 Ne5 11. Be2 b5 12. Bg5 Rg6 13. Qh4 Bb7 14. N1d2 h6
15. Bxf6 Rxf6 16. g3 Ke7 17. Bh5 Rc8 18. c3 Qg8 19. Nf3 Nxf3+ 20. Bxf3 Qg5 21.
Qxg5 hxg5 22. Nd2 b4 23. Rac1 bxc3 24. Rxc3 Rxc3 25. bxc3 e5 26. Kg2 Rc6 27.
Rb1 Ba8 28. Rb3 Rc5 29. Ra3 Bb7 30. Be2 f5 31. Bxa6 Bxe4+ 32. Nxe4 fxe4 33. Bb7
Bb6 34. Bxe4 d5 35. Bd3 e4 36. Ba6 g4 37. Be2 Ba5 38. Bxg4 Bxc3 39. Ra6 Bd4 40.
Re6+ Kf7 41. Rd6 Rc2 42. Rxd5 Rxf2+ 43. Kh3 Bf6 44. a4 Ra2 45. Rd7+ Kg6 46. Ra7
e3 47. Ra6 Kg5 48. Ra8 Bc3 49. Re8 Bd2 50. Bd7 Bc1 51. Re4 Kf6 52. g4 Bd2 53.
Bb5 Kg5 54. Re5+ Kf6 55. Re8 Kg5 56. Rg8+ Kf4 57. Rf8+ Kg5 58. Rf5+ Kg6 59. Rd5
e2 60. Bd3+ Kg7 61. Bxe2 Bf4 62. Rd4 Be3 63. Re4 Rxe2 64. a5 Kg6 65. a6 Kg5 66.
a7 Ra2 67. Rxe3 Rxa7 68. Kg3 Ra1 69. Re5+ Kg6 70. Re6+ 1-0

[Event "Qatar Masters Open 2014"]
[Site "Doha QAT"]
[Date "2014.11.26"]
[Round "1.14"]
[White "Debashis, Das"]
[Black "Moiseenko, Alexander"]
[Result "0-1"]
[WhiteElo "2485"]
[BlackElo "2701"]
[PlyCount "72"]
[EventDate "2014.11.26"]
[EventType "swiss"]
[EventRounds "9"]
[EventCountry "QAT"]
[Source "lmi"]
[SourceDate "2014.11.26"]

1. d4 Nf6 2. c4 e6 3. Nc3 Bb4 4. Nf3 b6 5. Qb3 c5 6. dxc5 bxc5 7. g3 Nc6 8. Bg2
Ba6 9. O-O O-O 10. Bg5 h6 11. Bxf6 Qxf6 12. Ne4 Qe7 13. Rfd1 Rab8 14. Nd6 Nd4
15. Nxd4 cxd4 16. Nb5 Bxb5 17. cxb5 Bc5 18. Qd3 d5 19. a4 Rfc8 20. Rdc1 Qd8 21.
Rc2 Bb6 22. Rac1 Rxc2 23. Qxc2 Qf8 24. Kf1 Qb4 25. b3 g6 26. Qd1 Kg7 27. Rc6
Rd8 28. f4 g5 29. fxg5 hxg5 30. Qc1 Qe7 31. Bf3 Qf6 32. Kg2 Rh8 33. b4 d3 34.
a5 Bd4 35. e3 Rxh2+ 36. Kxh2 Qxf3 0-1

[Event "Qatar Masters Open 2014"]
[Site "Doha QAT"]
[Date "2014.11.26"]
[Round "1.15"]
[White "Sargissian, Gabriel"]
[Black "Aravindh, Chithambaram Vr"]
[Result "1/2-1/2"]
[WhiteElo "2687"]
[BlackElo "2485"]
[PlyCount "108"]
[EventDate "2014.11.26"]
[EventType "swiss"]
[EventRounds "9"]
[EventCountry "QAT"]
[Source "lmi"]
[SourceDate "2014.11.26"]

1. d4 Nf6 2. c4 e6 3. Nc3 d5 4. cxd5 exd5 5. Bg5 c6 6. Qc2 Be7 7. e3 Nbd7 8.
Bd3 Nh5 9. Bxe7 Qxe7 10. Nge2 g6 11. O-O O-O 12. Rae1 Nb6 13. Nc1 Bd7 14. Nb3
Rae8 15. f3 Qd8 16. Qf2 f5 17. f4 Nf6 18. Nd2 Ne4 19. Bxe4 fxe4 20. h3 Nc8 21.
b4 Nd6 22. Rc1 h5 23. b5 Nxb5 24. Nxb5 cxb5 25. Rc5 Bc6 26. Qg3 Qd6 27. Rfc1
Rc8 28. Qg5 b6 29. R5c2 Bd7 30. Rc7 Bf5 31. R1c6 Qxc7 32. Rxc7 Rxc7 33. g4 hxg4
34. hxg4 Rg7 35. Nf1 Be6 36. Qe5 Bf7 37. Qc7 Be8 38. Qd6 Bf7 39. Qc6 b4 40. Ng3
Re8 41. Kf2 Rf8 42. Ke1 Rh7 43. f5 Rh3 44. Qd6 g5 45. Qc7 a5 46. Qe7 Rc8 47.
Qxg5+ Kf8 48. Qf6 Rc1+ 49. Kd2 Ra1 50. Qd8+ Kg7 51. Nh5+ Kh7 52. Nf6+ Kg7 53.
Nh5+ Kh7 54. Nf6+ Kg7 1/2-1/2

[Event "Qatar Masters Open 2014"]
[Site "Doha QAT"]
[Date "2014.11.26"]
[Round "1.16"]
[White "Shyam, Sundar M"]
[Black "Cheparinov, Ivan"]
[Result "1/2-1/2"]
[WhiteElo "2484"]
[BlackElo "2684"]
[PlyCount "86"]
[EventDate "2014.11.26"]
[EventType "swiss"]
[EventRounds "9"]
[EventCountry "QAT"]
[Source "lmi"]
[SourceDate "2014.11.26"]

1. e4 c5 2. Nf3 d6 3. d4 cxd4 4. Qxd4 Nc6 5. Bb5 Bd7 6. Qd3 Nf6 7. c4 g6 8. Nc3
Bg7 9. O-O O-O 10. h3 a6 11. Bxc6 Bxc6 12. Nd4 Rc8 13. Be3 Nd7 14. Rac1 Nc5 15.
Qc2 Ne6 16. Nxe6 fxe6 17. Qb3 Qd7 18. f3 b5 19. cxb5 Bxb5 20. Nxb5 axb5 21.
Rfd1 Kf7 22. Kf1 Bf6 23. Ke2 Rfd8 24. Rxc8 Rxc8 25. Rc1 Rxc1 26. Bxc1 Qc6 27.
Kd1 Qc5 28. Be3 Qe5 29. Qc2 Qh2 30. Qe2 d5 31. Kc2 h5 32. Kb3 Qe5 33. Qc2 dxe4
34. fxe4 Qg3 35. Qf2 Qc7 36. Bc5 Qe5 37. Kb4 Qxe4+ 38. Kxb5 Qb7+ 39. Ka4 Qa6+
40. Kb3 Qb5+ 41. Ka3 Qa5+ 42. Kb3 Qb5+ 43. Ka3 Qa5+ 1/2-1/2

[Event "Qatar Masters Open 2014"]
[Site "Doha QAT"]
[Date "2014.11.26"]
[Round "1.17"]
[White "Saric, Ivan"]
[Black "Potapov, Pavel"]
[Result "1/2-1/2"]
[WhiteElo "2680"]
[BlackElo "2479"]
[PlyCount "107"]
[EventDate "2014.11.26"]
[EventType "swiss"]
[EventRounds "9"]
[EventCountry "QAT"]
[Source "lmi"]
[SourceDate "2014.11.26"]

1. e4 c5 2. Nf3 Nc6 3. Bb5 g6 4. Bxc6 bxc6 5. O-O Bg7 6. Re1 Nh6 7. c3 f6 8. d4
Qb6 9. b3 d6 10. h3 Nf7 11. Nbd2 cxd4 12. Nc4 Qc7 13. cxd4 O-O 14. Bd2 d5 15.
Ba5 Qb7 16. Ncd2 e5 17. Rc1 Be6 18. Qc2 Rac8 19. Bc3 c5 20. dxe5 fxe5 21. exd5
Bxd5 22. Ne4 c4 23. b4 Rcd8 24. Nfd2 Nh6 25. Nc5 Qf7 26. f3 Nf5 27. Bxe5 Nd4
28. Bxd4 Bxd4+ 29. Kh1 c3 30. Nde4 Qf4 31. Nd3 Qh4 32. Kh2 Bc4 33. Red1 Be6 34.
Qe2 Bc4 35. Kh1 Rfe8 36. Qe1 Qxe1+ 37. Nxe1 Bxa2 38. Nxc3 Bb3 39. Rd2 Be3 40.
Rxd8 Rxd8 41. Rb1 Bc4 42. Nc2 Bb6 43. Na3 Be6 44. Ne4 Bf5 45. Nb5 Bxe4 46. fxe4
Rd3 47. Ra1 Rb3 48. Nxa7 Bxa7 49. Rxa7 Rxb4 50. e5 Re4 51. Ra5 Kf7 52. Kh2 Ke6
53. Ra7 h5 54. Ra6+ 1/2-1/2

[Event "Qatar Masters Open 2014"]
[Site "Doha QAT"]
[Date "2014.11.26"]
[Round "1.18"]
[White "Tari, Aryan"]
[Black "Melkumyan, Hrant"]
[Result "0-1"]
[WhiteElo "2479"]
[BlackElo "2678"]
[PlyCount "84"]
[EventDate "2014.11.26"]
[EventType "swiss"]
[EventRounds "9"]
[EventCountry "QAT"]
[Source "lmi"]
[SourceDate "2014.11.26"]

1. e4 e5 2. Nf3 Nc6 3. Bb5 Nf6 4. O-O Nxe4 5. d4 Nd6 6. Bg5 Be7 7. Bxe7 Qxe7 8.
Bxc6 dxc6 9. dxe5 Ne4 10. Nbd2 Nxd2 11. Qxd2 O-O 12. Qe3 c5 13. c4 b6 14. Rad1
Bb7 15. Ng5 h6 16. Nh3 Rfe8 17. f4 Rad8 18. Rxd8 Qxd8 19. Nf2 Qd4 20. Qc1 Qd7
21. Nd1 f6 22. Qc3 fxe5 23. fxe5 Qe7 24. Re1 Qg5 25. Qg3 Qxg3 26. hxg3 Kf7 27.
Nc3 Rd8 28. Re2 a6 29. Kf2 Ke6 30. Ne4 Rf8+ 31. Ke1 Rf5 32. Nd2 Rxe5 33. Nf3
Bxf3 34. gxf3 h5 35. f4 Rxe2+ 36. Kxe2 Kf5 37. Kf3 b5 38. cxb5 axb5 39. b3 b4
40. Ke3 Kg4 41. Kf2 g6 42. Kg2 h4 0-1

[Event "Qatar Masters Open 2014"]
[Site "Doha QAT"]
[Date "2014.11.26"]
[Round "1.19"]
[White "Sjugirov, Sanan"]
[Black "Zhukova, Natalia"]
[Result "1-0"]
[WhiteElo "2673"]
[BlackElo "2470"]
[PlyCount "59"]
[EventDate "2014.11.26"]
[EventType "swiss"]
[EventRounds "9"]
[EventCountry "QAT"]
[Source "lmi"]
[SourceDate "2014.11.26"]

1. Nf3 d5 2. d4 c5 3. c4 e6 4. cxd5 exd5 5. Bg5 Be7 6. Bxe7 Qxe7 7. Nc3 Nf6 8.
g3 Nc6 9. Bg2 O-O 10. O-O Bg4 11. dxc5 Qxc5 12. Rc1 Rad8 13. h3 Bxf3 14. Bxf3
Qb4 15. Rc2 d4 16. Ne4 d3 17. Nxf6+ gxf6 18. exd3 Nd4 19. Rc7 Qxb2 20. Bxb7 f5
21. Re1 Rd6 22. a4 Ne6 23. Rc6 Rfd8 24. Rxd6 Rxd6 25. Bc8 Nd4 26. Bxf5 Nxf5 27.
Qg4+ Kf8 28. Qxf5 Rf6 29. Qc5+ Kg7 30. Qxa7 1-0

[Event "Qatar Masters Open 2014"]
[Site "Doha QAT"]
[Date "2014.11.26"]
[Round "1.20"]
[White "Huang, Qian"]
[Black "Berkes, Ferenc"]
[Result "1/2-1/2"]
[WhiteElo "2464"]
[BlackElo "2669"]
[PlyCount "71"]
[EventDate "2014.11.26"]
[EventType "swiss"]
[EventRounds "9"]
[EventCountry "QAT"]
[Source "lmi"]
[SourceDate "2014.11.26"]

1. d4 Nf6 2. g3 d5 3. Bg2 c6 4. Nf3 Bf5 5. O-O e6 6. c4 Nbd7 7. b3 Be7 8. Bb2
O-O 9. Nc3 Ne4 10. e3 Qa5 11. Nxe4 Bxe4 12. Qe2 b5 13. c5 Bf6 14. Rfc1 Qc7 15.
Bh3 Rfe8 16. Nd2 Bg6 17. f4 Bd8 18. Bg2 f5 19. b4 Qb7 20. Bf1 Nf6 21. a4 a6 22.
axb5 axb5 23. Rxa8 Qxa8 24. Ra1 Qc8 25. Qd3 Re7 26. Qa3 Rc7 27. Qa8 Kf8 28. Nf3
Be8 29. Ne5 Nd7 30. Qxc8 Rxc8 31. Nxd7+ Bxd7 32. Kf2 h5 33. h4 g6 34. Ra7 Rc7
35. Ra8 Rc8 36. Ra7 1/2-1/2

[Event "Qatar Masters Open 2014"]
[Site "Doha QAT"]
[Date "2014.11.26"]
[Round "1.21"]
[White "Fedorchuk, Sergey A"]
[Black "Georgiadis, Nico"]
[Result "1-0"]
[WhiteElo "2664"]
[BlackElo "2460"]
[PlyCount "89"]
[EventDate "2014.11.26"]
[EventType "swiss"]
[EventRounds "9"]
[EventCountry "QAT"]
[Source "lmi"]
[SourceDate "2014.11.26"]

1. e4 e5 2. Nf3 Nc6 3. Bb5 Nf6 4. d3 Bc5 5. O-O Nd4 6. Ba4 Nxf3+ 7. Qxf3 O-O 8.
Bg5 Be7 9. Nc3 d6 10. Bb3 Kh8 11. h3 Ng8 12. Bd2 f5 13. Nd5 c6 14. Nxe7 Qxe7
15. exf5 Bxf5 16. Qe3 a6 17. f4 exf4 18. Qxe7 Nxe7 19. Bxf4 Bg6 20. Bxd6 Rxf1+
21. Rxf1 Nd5 22. Re1 Rd8 23. Bg3 Bf7 24. c4 Nf6 25. Re7 Rd7 26. Rxd7 Nxd7 27.
Kf2 g6 28. Ke3 Kg7 29. Bd1 Be6 30. Bf3 Kf7 31. b4 Ke7 32. Kd4 Kd8 33. a4 Kc8
34. a5 Bf5 35. Bd6 Be6 36. Ke3 Bf5 37. g4 Be6 38. Kf4 h6 39. h4 Bf7 40. Be7 Kc7
41. h5 gxh5 42. gxh5 Kc8 43. Kf5 Kc7 44. Be2 Kc8 45. Bd6 1-0

[Event "Qatar Masters Open 2014"]
[Site "Doha QAT"]
[Date "2014.11.26"]
[Round "1.24"]
[White "Zhu, Chen"]
[Black "Edouard, Romain"]
[Result "0-1"]
[WhiteElo "2447"]
[BlackElo "2659"]
[PlyCount "65"]
[EventDate "2014.11.26"]
[EventType "swiss"]
[EventRounds "9"]
[EventCountry "QAT"]
[Source "lmi"]
[SourceDate "2014.11.26"]

1. d4 d5 2. c4 e6 3. Nf3 c5 4. cxd5 exd5 5. Nc3 Nc6 6. g3 Nf6 7. Bg2 Be7 8. O-O
O-O 9. Bg5 c4 10. Ne5 Be6 11. Qd2 h6 12. Bxf6 Bxf6 13. f4 Ne7 14. e4 Bxe5 15.
fxe5 Qd7 16. Rad1 Rad8 17. g4 Bxg4 18. exd5 Bxd1 19. Qxd1 f6 20. Re1 fxe5 21.
dxe5 Ng6 22. e6 Qe7 23. Qg4 Nf4 24. Be4 b5 25. Rf1 Nd3 26. Rf5 Rf6 27. Nxb5
Qc5+ 28. Kg2 Nf2 29. Qh4 Nxe4 30. Qxe4 Rxf5 31. Qxf5 Rf8 32. Qe4 Qf2+ 33. Kh3
0-1

[Event "Qatar Masters Open 2014"]
[Site "Doha QAT"]
[Date "2014.11.26"]
[Round "1.25"]
[White "Movsesian, Sergei"]
[Black "Das, Sayantan"]
[Result "1-0"]
[WhiteElo "2659"]
[BlackElo "2444"]
[PlyCount "107"]
[EventDate "2014.11.26"]
[EventType "swiss"]
[EventRounds "9"]
[EventCountry "QAT"]
[Source "lmi"]
[SourceDate "2014.11.26"]

1. Nf3 d5 2. g3 Nf6 3. Bg2 c6 4. O-O Bg4 5. d3 e6 6. Qe1 Be7 7. e4 O-O 8. Nc3
Nbd7 9. h3 Bxf3 10. Bxf3 dxe4 11. dxe4 e5 12. Bg2 Re8 13. Nd1 Nc5 14. f3 a5 15.
Ne3 Bf8 16. Kh2 g6 17. a4 h5 18. Nc4 h4 19. g4 Nfd7 20. Bd2 b6 21. Be3 Be7 22.
b3 Bg5 23. Rd1 Bxe3 24. Qxe3 Qe7 25. Rf2 Red8 26. Rfd2 Ne6 27. Bf1 Kg7 28. Kg1
b5 29. axb5 cxb5 30. Nd6 Ndc5 31. Bxb5 Qg5 32. Qxg5 Nxg5 33. Nf5+ gxf5 34. Rxd8
Rxd8 35. Rxd8 fxe4 36. fxe4 Nxh3+ 37. Kh2 Ng5 38. Rd5 Ncxe4 39. Be2 Kf6 40.
Rxa5 Nc3 41. Bc4 e4 42. Rf5+ Kg6 43. b4 e3 44. b5 e2 45. Bxe2 Nxe2 46. b6 Nd4
47. b7 Nc6 48. Rc5 Nb8 49. Rc8 Nd7 50. Rd8 Nf3+ 51. Kh3 Nfe5 52. Kxh4 Kf6 53.
Kg3 Ke7 54. b8=Q 1-0

[Event "Qatar Masters Open 2014"]
[Site "Doha QAT"]
[Date "2014.11.26"]
[Round "1.26"]
[White "Thejkumar, M. S."]
[Black "Akopian, Vladimir"]
[Result "1/2-1/2"]
[WhiteElo "2443"]
[BlackElo "2657"]
[PlyCount "45"]
[EventDate "2014.11.26"]
[EventType "swiss"]
[EventRounds "9"]
[EventCountry "QAT"]
[Source "lmi"]
[SourceDate "2014.11.26"]

1. d4 Nf6 2. Nf3 e6 3. c4 c5 4. d5 d6 5. Nc3 exd5 6. cxd5 g6 7. Nd2 Nbd7 8. e4
Bg7 9. Be2 O-O 10. O-O Re8 11. a4 a6 12. Ra3 Qc7 13. h3 b6 14. Qc2 Bb7 15. Nc4
Ne5 16. Ne3 Qe7 17. Rb3 Rab8 18. Rxb6 Ned7 19. Rc6 Ne5 20. Rb6 Ned7 21. Rc6 Ne5
22. Rb6 Ned7 23. Rc6 1/2-1/2

[Event "Qatar Masters Open 2014"]
[Site "Doha QAT"]
[Date "2014.11.26"]
[Round "1.27"]
[White "Mamedov, Rauf"]
[Black "Batsiashvili, Nino"]
[Result "1/2-1/2"]
[WhiteElo "2652"]
[BlackElo "2442"]
[PlyCount "85"]
[EventDate "2014.11.26"]
[EventType "swiss"]
[EventRounds "9"]
[EventCountry "QAT"]
[Source "lmi"]
[SourceDate "2014.11.26"]

1. c4 e6 2. g3 d5 3. Bg2 Nf6 4. Nf3 c5 5. b3 Nc6 6. O-O d4 7. e3 e5 8. exd4
exd4 9. d3 Be7 10. Bf4 O-O 11. Ne5 Nxe5 12. Bxe5 Bd6 13. Bxf6 Qxf6 14. Nd2 Rb8
15. Ne4 Qg6 16. a3 a5 17. Re1 Bd7 18. Ra2 Rfe8 19. f4 Bf8 20. a4 Bg4 21. Qc1
Qh5 22. Rf2 h6 23. Rb2 f5 24. Nf2 Bf3 25. Rb1 Bd6 26. Qd2 b6 27. Rxe8+ Rxe8 28.
Re1 Bxg2 29. Kxg2 Qf7 30. Rxe8+ Qxe8 31. Qd1 Qc6+ 32. Kg1 g6 33. Qe2 Kf7 34. h4
h5 35. Kf1 Be7 36. Qe5 Qf3 37. Qd5+ Qxd5 38. cxd5 Bd8 39. Nd1 Ke7 40. Nb2 Kd6
41. Nc4+ Kxd5 42. Ne5 Bc7 43. Nc4 1/2-1/2

[Event "Qatar Masters Open 2014"]
[Site "Doha QAT"]
[Date "2014.11.26"]
[Round "1.28"]
[White "Goh, Wei Ming Kevin"]
[Black "Efimenko, Zahar"]
[Result "0-1"]
[WhiteElo "2442"]
[BlackElo "2644"]
[PlyCount "84"]
[EventDate "2014.11.26"]
[EventType "swiss"]
[EventRounds "9"]
[EventCountry "QAT"]
[Source "lmi"]
[SourceDate "2014.11.26"]

1. e4 e5 2. Nf3 Nc6 3. Bc4 Bc5 4. c3 Nf6 5. d3 d6 6. Bb3 a6 7. h3 h6 8. Nbd2
O-O 9. Nf1 Be6 10. Ng3 d5 11. Qe2 Re8 12. Nh2 Qd7 13. Qf3 dxe4 14. dxe4 Bxb3
15. axb3 Rad8 16. Ng4 Re6 17. b4 Bb6 18. Ne3 a5 19. bxa5 Nxa5 20. O-O Nb3 21.
Ra3 Nxc1 22. Rxc1 Qc6 23. Rd1 Rxd1+ 24. Nxd1 Re8 25. Qe2 Rd8 26. Ra2 g6 27. Kh2
h5 28. f3 Qc5 29. Qe1 Rd2 30. Ra8+ Kh7 31. b4 Qd6 32. Ne3 Qd3 33. Nc4 Rd1 34.
Nb2 Rxe1 35. Nxd3 Bg1+ 36. Kh1 Rd1 37. Nb2 Rb1 38. Nd3 Be3+ 39. Kh2 h4 40. Ne2
Nh5 41. g4 hxg3+ 42. Nxg3 Nf4 0-1

[Event "Qatar Masters Open 2014"]
[Site "Doha QAT"]
[Date "2014.11.26"]
[Round "1.29"]
[White "Bologan, Viktor"]
[Black "Neelotpal, Das"]
[Result "0-1"]
[WhiteElo "2643"]
[BlackElo "2424"]
[PlyCount "80"]
[EventDate "2014.11.26"]
[EventType "swiss"]
[EventRounds "9"]
[EventCountry "QAT"]
[Source "lmi"]
[SourceDate "2014.11.26"]

1. e4 e6 2. d3 d5 3. Qe2 Nf6 4. Nf3 Be7 5. g3 b5 6. Bg2 O-O 7. e5 Nfd7 8. h4 c5
9. Bg5 Nc6 10. c3 a5 11. Nbd2 Rb8 12. O-O Nb6 13. Rfe1 Ba6 14. d4 h6 15. Bxe7
Qxe7 16. dxc5 Qxc5 17. Nb3 Qc4 18. Qe3 Nd7 19. Bf1 Qg4 20. Nbd4 Nxd4 21. Nxd4
Rb6 22. b4 axb4 23. cxb4 f6 24. exf6 e5 25. fxg7 Qxg7 26. Nf3 e4 27. Nd4 Rbf6
28. Qb3 Kh8 29. Bg2 Nb6 30. Rad1 Nc4 31. Rf1 e3 32. Kh2 exf2 33. Bxd5 Bc8 34.
Qc3 Ne5 35. Bg2 Bb7 36. Bxb7 Qxb7 37. Ne2 Qe4 38. Nf4 Ng4+ 39. Kh3 Ne3 40. Ng6+
Kg7 0-1

[Event "Qatar Masters Open 2014"]
[Site "Doha QAT"]
[Date "2014.11.26"]
[Round "1.30"]
[White "Sundararajan, Kidambi"]
[Black "Ivanisevic, Ivan"]
[Result "0-1"]
[WhiteElo "2415"]
[BlackElo "2643"]
[PlyCount "64"]
[EventDate "2014.11.26"]
[EventType "swiss"]
[EventRounds "9"]
[EventCountry "QAT"]
[Source "lmi"]
[SourceDate "2014.11.26"]

1. Nf3 Nf6 2. g3 g6 3. Bg2 Bg7 4. O-O O-O 5. c4 d6 6. Nc3 e5 7. d3 h6 8. b3 c6
9. Bb2 Re8 10. Rc1 a6 11. Ne4 Nh7 12. c5 dxc5 13. Nxc5 e4 14. Bxg7 exf3 15.
Bxf3 Kxg7 16. Qd2 Nd7 17. b4 Ng5 18. Bg2 Nxc5 19. bxc5 Nh3+ 20. Kh1 Qf6 21. f4
Bg4 22. e3 Rad8 23. d4 h5 24. Rb1 h4 25. gxh4 Rd7 26. h5 Rh8 27. hxg6 Qh4 28.
gxf7 Rxf7 29. Bf3 Kf8 30. d5 Bxf3+ 31. Rxf3 Ng5 32. fxg5 Qe4 0-1

[Event "Qatar Masters Open 2014"]
[Site "Doha QAT"]
[Date "2014.11.26"]
[Round "1.32"]
[White "Seyb, Alexander"]
[Black "Vovk, Andrey"]
[Result "1-0"]
[WhiteElo "2412"]
[BlackElo "2640"]
[PlyCount "111"]
[EventDate "2014.11.26"]
[EventType "swiss"]
[EventRounds "9"]
[EventCountry "QAT"]
[Source "lmi"]
[SourceDate "2014.11.26"]

1. e4 c5 2. Nf3 d6 3. d4 cxd4 4. Nxd4 Nf6 5. Nc3 Nc6 6. Bg5 e6 7. Qd2 a6 8.
O-O-O Bd7 9. f4 b5 10. Bxf6 gxf6 11. Kb1 Rc8 12. Nxc6 Rxc6 13. h4 h5 14. Ne2
Rg8 15. Rh3 Rc5 16. Ng3 a5 17. f5 Bc6 18. Bd3 Rh8 19. Be2 b4 20. Bf3 Bh6 21.
Qe2 Ba4 22. b3 Bb5 23. Qf2 Bf4 24. fxe6 Qc7 25. exf7+ Kf8 26. Nxh5 Be5 27. g4
a4 28. Bg2 axb3 29. cxb3 Rc3 30. Nf4 Bxf4 31. Qxf4 Rxh3 32. Bxh3 Rxh4 33. Bf1
Bxf1 34. Rxf1 Qe7 35. Qxf6 Qxe4+ 36. Ka1 Qe5+ 37. Qxe5 dxe5 38. g5 Rg4 39. Rf5
e4 40. Kb1 e3 41. Kc2 Rd4 42. g6 Rd2+ 43. Kc1 Rg2 44. Kd1 Rxg6 45. Ke2 Ra6 46.
Kxe3 Rxa2 47. Kd3 Rh2 48. Rf4 Rh6 49. Kc4 Rb6 50. Kc5 Rb8 51. Rxb4 Rc8+ 52. Kd6
Kxf7 53. Re4 Kf6 54. b4 Kf5 55. Re1 Rb8 56. Rb1 1-0

[Event "Qatar Masters Open 2014"]
[Site "Doha QAT"]
[Date "2014.11.26"]
[Round "1.33"]
[White "Rakhmanov, Aleksandr"]
[Black "Gagare, Shardul"]
[Result "1-0"]
[WhiteElo "2636"]
[BlackElo "2411"]
[PlyCount "105"]
[EventDate "2014.11.26"]
[EventType "swiss"]
[EventRounds "9"]
[EventCountry "QAT"]
[Source "lmi"]
[SourceDate "2014.11.26"]

1. Nf3 c5 2. c3 Nf6 3. d4 b6 4. d5 g6 5. c4 Bg7 6. Nc3 O-O 7. e4 d6 8. h3 a6 9.
a4 e6 10. Be2 exd5 11. cxd5 Re8 12. Nd2 Nbd7 13. O-O Bb7 14. Re1 Qc7 15. Qc2
Re7 16. Nc4 Ne5 17. Na3 h6 18. Bf4 Nfd7 19. Bh2 c4 20. Rac1 Qc5 21. Qd2 Rc8 22.
Bf4 Qb4 23. Rb1 g5 24. Nc2 Qa5 25. Bxe5 Nxe5 26. Nd4 Qc5 27. Nf5 Ree8 28. h4 f6
29. Bh5 Nd3 30. Bxe8 Rxe8 31. Re3 Bc8 32. Ne2 Rxe4 33. Neg3 Rf4 34. Ne7+ Kf7
35. Rf1 Bg4 36. hxg5 fxg5 37. Ne4 Qc7 38. Nc6 Bd7 39. Nb4 Nxb4 40. Qxb4 Be5 41.
g3 a5 42. Qd2 Rf5 43. Nc3 Qc5 44. Qe2 Kg6 45. Re4 b5 46. axb5 Bxb5 47. Kg2 Ba6
48. Rh1 Kg7 49. f4 gxf4 50. gxf4 Bxc3 51. Qg4+ Rg5 52. fxg5 Bc8 53. gxh6+ 1-0